Estadísticas para Resultados de la Copa Mundial de Fútbol de 1938

Haz click aquí para tomar la prueba!

Estadísticas generales

  • Esta prueba ha sido tomada 20 veces
  • La puntuación promedio es 10 de 15

Estadísticas de respuestas

Nation % Correcto
Brasil
100%
Alemania
94%
Francia
94%
Hungría
94%
Italia
94%
Bélgica
76%
Checoslovaquia
76%
Suecia
71%
Países Bajos
65%
Suiza
65%
Polonia
59%
Cuba
53%
Rumania
53%
Noruega
41%
I. O. Neerlandesas
6%

Distribución de puntuación

Porcentaje por número respondido

Porcentaje de gente con cada puntuación

Historial de tus puntuaciones

No has tomado esta prueba